000 00642nam a2200181Ia 4500
008 090630s9999 xx 000 0 und d
082 _b18993
100 _aकवी माधवी.
245 _aविज्ञान प्रश्नमंजुषा.
_cकवी माधवी.
260 _bउन्मेष - पुणे.
_c1989
300 _a107
600 _aकवी माधवी.
630 _aविज्ञान प्रश्नमंजुषा.
655 _aइतर.
700 _aकवी माधवी.
730 _aविज्ञान प्रश्नमंजुषा.
942 _cBOOK
999 _c270849
_d270849